000 00651nam a22002057a 4500
005 20251108165025.0
008 250721s1995 xx 000 0 ara d
082 1 4 _a817.03/سمي
100 1 _aشيخاني، سمير
245 1 0 _aقاموس الأقوال الضاحكة /
250 _aط2.، منقحة و مزيدة
264 1 _aبيروت :
_bعالم الكتب للطباعة و النشر و التوزيع،
_c1995.
300 _a220ص
490 0 _aسلسلة المعرفة
650 1 7 _aالأدب العربي
650 1 7 _aالأهاجي و الفكاهة
650 1 7 _aالنوادر
942 _2ddc
_cBK
999 _c20187
_d20187